• 首页
  • 本馆介绍
  • 公告通知
  • 最新文献
  • 馆藏检索
  • 电子资源
  • 读者导购
  • 参考咨询
  • 我的图书馆
  • 登录
  • 详细信息显示
  • 放入我的书架
  • 预约/预借图书
  • 作者相关作品
  • 分类相关作品
  • 丛书相关作品
  • 出版社相关作品

书目信息

  • 表格格式
  • 工作单格式
  • 卡片格式
题名:
中国文学家辞典
    
 
作者: ;北京语言学院 编
分册: 第一分册  
出版信息: 成都   四川人民出版社  1980
页数: 207页
开本: 19cm
丛书名:
单 册:
中图分类: K825.6-61
科图分类:
主题词: 作家--中国--词典
电子资源:
ISBN:
000 00686nam0 2200217 45
001 1539984476
005 20150127223651.06
010    @dCNY1.40
091    @aCN@b17118.29
100    @a19950612d1980 em y0chiy0121 ea
101 0  @achi
102    @aCN@b510000
105    @ay e 000yy
200 10 @a中国文学家辞典@Azhong guo wen xue jia ci dian@e古代@h第一分册@f北京语言学院《中国文学家辞典》编委会编@g北京语言学院《中国文学家辞典》编委会编
210    @a成都@c四川人民出版社@d1980
215    @a207页@d19cm
606    @a作家@y中国@x词典
690    @aK825.6-61@v3
712 02 @a北京语言学院@Abei jing yu yan xue yuan@4编
801  0 @aCN@bTSSF@c20150127
905    @aZUCC@dK825.6-61@eJY1:1
    
    中国文学家辞典:古代.第一分册/北京语言学院《中国文学家辞典》编委会编/北京语言学院《中国文学家辞典》编委会编.-成都:四川人民出版社,1980
    207页;19cm
    
    
    ISBN :CNY1.40
    
●
相关链接 在E读中查询图书 在五车中查询图书 在当当中查询图书 在豆瓣中查询图书


正题名:中国文学家辞典     索取号:K825.6-61/JY1:1         预约/预借

序号 登录号 条形码 馆藏地/架位号 状态 备注
1 7856317   278563172   学院路分馆/ [索取号:K825.6-61/JY1:1] 在馆    
唐山师范学院图书馆 欢迎您!
大连网信软件有限公司© 版权所有